000 00255nam a22001217a 4500
008 170706b xxu||||| |||| 00| 0 eng d
041 _aeng
080 _a05
100 _a22
101 _aGJL
245 _aGORE VIDAL
_cKIERMON.R.F
942 _2udc
_cBK
999 _c19989
_d19989